000 00304nam a22001337a 4500
008 170601b xxu||||| |||| 00| 0 eng d
020 _a0133872750
041 _aeng
080 _26TH
_a93
100 _a17
101 _aSHH
245 _aHERITAGE OF WESTERN CIVILIZATION
_cBEATTY, J.L
942 _2udc
_cBK
999 _c15317
_d15317